01813nam a2200445Ii 4500001001300000003000800013008004100021006001900062007001500081035002200096040003100118020003100149020001800180050001600198100004700214245011200261246005000373250002300423264007200446300002300518336002600541337002600567338003600593347002100629347000900650504004100659588008400700650001100784630003100795655002200826791003600848793005600884776017100940830004801111856007201159910002901231942000801260952008001268999001901348DIGVEDIV0474NyNyDIG220319s2020 sp ob 000 0 spa dm o d cr ||||||||||| a(OCoLC)1319851855 aDGITAbengerdaepncDGITA a9788490736272qeBookqePub z978849073626514aBL480 ebook1 aÁlvarez Valdés, Ariel,d1957-eauthor.10a¿Cuál es el origen del diablo? :b ... Y otras 19 preguntas sobre la Biblia /cAriel Álvarez Valdés.33aY otras diecinueve preguntas sobre la Biblia  aEdición digital. 1aEstella (Navarra), España :bEVD, Editorial Verbo Divino,c[2020] a1 online resource. atextbtxt2rdacontent acomputerbc2rdamedia aonline resourcebcr2rdacarrier atext file2rdaft bEPUB aIncludes bibliographical references.0 aOnline resource; title from ePub title page (Digitalia, viewed March 19, 2022)  0aDevil.00aBiblexStudy and teaching. 0aElectronic books.2 aDigitalia (Firm),edistributor.0 gDigitalia eBook Collection:aEditorial Verbo Divino08iPrint version:aÁlvarez Valdés, Ariel, 1957-t¿Cuál es el origen del diablo?.dEstella (Navarra), España : EVD, Editorial Verbo Divino, [2020]z9788490736265 0aMundo de la Biblia (Editorial Verbo Divino)403Digitalia Hispánicauhttps://www.digitaliapublishing.com/a/68566/ aPremium collection: 2022 cRAA 001040708DEHaBD-UINbBD-UINd2025-04-25l0r2025-04-25w2025-04-25yRAA c262506d262506